000 00525nam a2200169 a 4500
001 000030571
005 20200930062402.0
008 110524s2008 sp 000 0 spa d
020 _a9788483068076
040 _aDO-SdBNP
_bspa
_cBNPHU
100 1 _aBetancourt, Ingrid
_957177
240 1 0 _aLettres a maman par-dela penfer
_lFrancés
245 1 0 _aCartas a mamá desde el infierno /
_cIngrid Betancourt.
260 _aBarcelona :
_bLiberdúplex,
_c2008.
300 _a76 p. ;
_c20 cm.
500 _aTraducido del idioma francés
999 _c30063
_d30063